000
00276nam a2200121Ia 4500
008
220204s9999 xx 000 0 und d
082
_a
641.5(5)
_b
PAS
100
_a
Jacki
245
0
_a
All Asian cook book
260
_a
London
_b
Spring
_c
1978
650
_a
Cooking
942
_c
BK
999
_c
32783
_d
32783